Quizzes
Events
Quiz Creation
Community
Videos
Private Events
Remove Ads
Sign In
Join for FREE
Feedback
Dark Mode
Quiz Categories
Sports
Geography
Music
Movies
Television
Just For Fun
Miscellaneous
History
Literature
Language
Science
Gaming
Entertainment
Religion
Holiday
For Kids
Quiz Lab
Recent
Popular Today
Quiz Kudos Today
Editor Picks
Curator Picks
Quizzes by...
Day
Popularity
Type
Ratings
Length
Year
Community
Subscriptions
Recent Discussions
Orange Saloon
Badges
Playlists
Quests
Create
Leaderboards
Showdown
Live 5
Trivia Bingo
Activity
Puzzle Library
Sporcle Events
Private Events
Virtual Trivia
Globe League
Become a Host
Pub Owners
SporcleCon
Opinionation
Our Games
Videos
Blog
Mobile Apps
Partnerships
Remove Ads and Go Orange
Feedback
Science
Computer
Plants
Astronomy
Chemistry
Elements
Math
Animal
Physics
Anatomy
Biology
Geology
General Science
Science
Computer
Plants
Astronomy
Chemistry
Elements
Math
Animal
Physics
Anatomy
Biology
Geology
General Science
Random Quiz
Search Sporcle
×
Quiz Lab
Quiz Lab
Science
Periodic Table
Type in answers that appear in a list
Type in answers that appear in a list
Classic
Best Score? Go Orange.
Elements in order Stats
Can you name the Elements in order
By
R7__
11m
118 Questions
41 Plays
41 Plays
41 Plays
Comments
Comments
Give Quiz Kudos
Give Quiz Kudos
-
- Ratings
hide this ad
Replay
Link that replays current quiz
Next Quiz
Link to next quiz in quiz playlist
You Got
0%
They Got
Avg Score
48%
Avg Friend Score
Upgrade to see
Score Distribution
Jump to the score distribution portion of the page
Score
0/118
Timer
11:00
0
Plays Today
Symbol
Element
% Correct
H
Hydrogen
100%
He
helium
100%
Li
lithium
100%
N
nitrogen
97.6%
Be
beryllium
95.1%
B
boron
95.1%
C
carbon
95.1%
O
oxygen
95.1%
F
fluorine
90.2%
Ne
neon
87.8%
Mg
magnesium
85.4%
Cl
chlorine
85.4%
Na
sodium
82.9%
S
sulfur
82.9%
Al
aluminum
80.5%
Si
silicon
80.5%
P
phosphorus
80.5%
Ar
argon
80.5%
K
potassium
78%
Mn
manganese
78%
Cr
chromium
75.6%
Ni
nickel
75.6%
Ti
titanium
73.2%
Fe
iron
73.2%
Co
cobalt
73.2%
Cu
copper
73.2%
Zn
zinc
73.2%
Ca
calcium
70.7%
Sc
scandium
70.7%
V
vanadium
70.7%
Br
bromine
56.1%
Ag
silver
56.1%
Ga
gallium
53.7%
Ge
germanium
53.7%
As
arsenic
53.7%
Se
selenium
53.7%
Kr
krypton
53.7%
Au
gold
52.5%
Y
yttrium
51.2%
Zr
zirconium
51.2%
Symbol
Element
% Correct
Pd
palladium
51.2%
Sn
tin
51.2%
I
iodine
51.2%
Xe
xenon
51.2%
In
indium
48.8%
Cs
cesium
48.8%
Ba
barium
48.8%
Pb
lead
47.5%
Fr
francium
47.5%
Rb
rubidium
46.3%
Tc
technetium
46.3%
Cd
cadmium
46.3%
Eu
europium
45%
Ra
radium
45%
Sr
strontium
43.9%
Te
tellurium
43.9%
Yb
ytterbium
42.5%
Hf
hafnium
42.5%
W
tungsten
42.5%
Os
osmium
42.5%
Po
polonium
42.5%
Rn
radon
42.5%
U
uranium
42.5%
Nb
niobium
41.5%
Mo
molybdenum
41.5%
Ru
ruthenium
41.5%
La
lanthanum
41.5%
Ce
cerium
40%
Ir
iridium
40%
Pt
platinum
40%
Bi
bismuth
40%
Pu
plutonium
40%
Am
americium
40%
Sb
antimony
39%
Nd
neodymium
37.5%
Sm
samarium
37.5%
Gd
gadolinium
37.5%
Dy
dysprosium
37.5%
Ho
holmium
37.5%
Er
erbium
37.5%
Symbol
Element
% Correct
Re
rhenium
37.5%
Rf
rutherfordium
37.5%
Rh
rhodium
36.6%
Pr
praseodymium
35%
Pm
promethium
35%
Tb
terbium
35%
At
astatine
35%
Np
neptunium
35%
Bk
berkelium
35%
Lu
lutetium
32.5%
Tl
thallium
32.5%
Th
thorium
32.5%
Cm
curium
32.5%
Cf
californium
32.5%
Db
dubnium
32.5%
Ta
tantalum
30%
Es
einsteinium
30%
Fm
fermium
30%
Hs
hassium
30%
Uup
ununpentium
30%
Uus
ununseptium
30%
Uuo
ununoctium
30%
Lr
lawrencium
27.5%
Lv
livermorium
27.5%
Tm
thulium
25%
Pa
protactinium
25%
Md
mendelevium
25%
Bh
bohrium
25%
Ds
darmstadtium
25%
Cn
copernicium
25%
Uut
ununtrium
25%
Fl
flerovium
25%
Nb
nobelium
22.5%
Mt
meitnerium
22.5%
Rg
roentgenium
22.5%
Hg
mecury
2.5%
Ac
Actinium
0%
Sg
Seaborgium
0%
Quiz Playlist
Details
Report
Send in Message
Add To Playlist
Classic:
Type in answers that appear in a list
Last Updated: Feb 16, 2017
Quiz Scoreboard
CHALLENGE
Sign Up to Join the Scoreboard
Show All
Scores
Hide
Comments
May contain spoilers
Recently Published
Billboard Blitz: Fleetwood Mac
by CooCooCachoo
Music
15s
Presidents Visiting Landmarks
by Hejman
History
7m
An Introduction to Baseball
by treessimontrees
Sports
5m
More to Explore
Quiz From the Vault
Featured Blog Post
Where Did the Easter Bunny Come From?
hide this ad
You Might Also Like...
Tags
Periodic Table
Today's Top Quizzes in Science
Browse Science
hide this ad
Today's Top Quizzes in Periodic Table
Browse Periodic Table
Top Contributed Quizzes in Science
1
Quick Pick: Radians
2
Quick Pick: 'CI-CJ' Animals
3
The First 100 Digits of Pi
4
Elements In Images
5
Name the Acid, Base or Salt
6
One Thing in Common: Science
7
Science Jokes
8
One Thing in Common: Science III
9
One Thing in Common: Animals
10
One Thing in Common: Science II
Explore More
Trending Topics
Harry Potter
Disney
Anime
Marvel
NBA
Kpop
Crossword
Country
The Office
Soccer
NFL
WWE
Pokémon
Song
Puzzle
hide this ad
More By:
R7__
Quiz
Plays
Rating
Category
Featured
Created
Easiest game ever
161
1.57
Science
Aug 3, 2014
math solving time
100
2.78
Science
Aug 21, 2014
Cell organelle functions(twist)
61
2.67
Science
Sep 6, 2014
Super Math Z
45
2.17
Science
Aug 23, 2014
Elements in order
41
1.67
Science
Aug 4, 2014
Go to Creator's Profile
Score Distribution
Quiz Creator Spotlight
R7__
Follow
Send a Message
Quizzes Created
-
Created Quiz Play Count
-
More By This Creator
Popular Quizzes Today
1
Find the US States - No Outlines Minefield
2
Find the Countries of Europe - No Outlines Minefield
3
The Countries of the World
4
Find the US States
5
Risky Map Clicking: Biggest States A-Z
6
US States
7
Popular People in 1961
8
Movies - When Are They Set?
More Science Quizzes
Largest Organisms
Published
Trending Quizzes
Risky Map Clicking: Least Populous States A-Z
1-10 Letter G Words
1-10 Letter F Words
Risky Map Clicking: Next State Alphabetically
Risky Map Clicking: Biggest States A-Z
Recently Updated
Leaping Animals
pecheneg
Reality TV Shows (A-Z)
bhenderson79
Rickey Henderson's Hall of Fame Teammates
pecheneg
Champions League XIs: Arsenal
pecheneg
Quick Pick: Celebrities in WWE's Hall of Fame
aduchscher
A-Z Keypad Blitz II
pecheneg
Multiple Oscar Actors
pecheneg
Mystery Phrase Blitz: Oscar 'Best Actors'
pecheneg
F. Scott Fitzgerald Novels
LTH
Pick 3 Villains
ddd62291
Trending Topics
Kpop
Disney
Marvel
Crossword
NBA
Anime
Harry Potter
The Office
Puzzle
Pokémon
Country
NFL
Soccer
WWE
Song
Your Account Isn't Verified!
In order to create a playlist on Sporcle, you need to verify the email address you used during registration. Go to your
Sporcle Settings
to finish the process.
Report this User
Report this user for behavior that violates our
Community Guidelines
.
Details:
Send Report
Go to the Sporcle.com Mobile Site →
Comments